Načítá se...

गिरिराज किशोर की कहानियों में युग चेतना

Podrobná bibliografie
Hlavní autor: सुरेश कांडे
Další autoři: Suresh Kaunde
Médium: Printed Book
Vydáno: Kanpur: Chandralok, 2007
Vydání:1
Témata:
LEADER 00646nam a22001697a 4500
020 |a 818857340X 
082 |a H891.433 09  |b SUR/G 
100 |a सुरेश कांडे  
245 |a  गिरिराज किशोर की कहानियों में युग चेतना  
250 |a 1 
260 |a Kanpur:  |b Chandralok,  |c 2007 
300 |a 257p. 
650 |a Giriraj Kishor ki kahaniyon mein yug chetna 
700 |a Suresh Kaunde 
942 |c BK 
999 |c 41671  |d 41671 
952 |0 0  |1 0  |4 0  |6 H_891_433000000000000_09_SURG  |7 0  |8 Stack  |9 45112  |a KUCL  |b KUCL  |c H  |d 2016-09-05  |g 375.00  |l 0  |o H891.433 09 SUR/G  |p 33274  |r 2016-09-05  |w 2016-09-05  |y BK